logo

Bir Sreshtho Munshi Abdur Rouf Library
Jhenaidah Cadet College

Charles Schwab : (Record no. 1873)

MARC details
000 -LEADER
fixed length control field 01160cam a2200313 a 4500
001 - CONTROL NUMBER
JCCL Control Number 1873
003 - CONTROL NUMBER IDENTIFIER
JCCL marc code BD-JhCC
005 - DATE AND TIME OF LATEST TRANSACTION
control field 20171025185046.0
008 - FIXED-LENGTH DATA ELEMENTS--GENERAL INFORMATION
fixed length control field 020702s2002 nju ba 001 0deng
020 ## - INTERNATIONAL STANDARD BOOK NUMBER
International Standard Book Number 0471224073 (hc)
035 ## - SYSTEM CONTROL NUMBER
system control number (BD-JhCC)1873
040 ## - CATALOGING SOURCE
Original cataloging agency DLC
Transcribing agency DLC
Modifying agency DLC
041 ## - LANGUAGE CODE
Language code of Book eng
050 00 - LIBRARY OF CONGRESS CALL NUMBER
Classification number HG4928.5
Item number .K336 2002
082 00 - DEWEY DECIMAL CLASSIFICATION NUMBER
Classification number 332.6/2
DDC Edition number 21
Author mark and Year KAD 2002
100 1# - MAIN ENTRY--PERSONAL NAME
Personal name Kador, John.
245 10 - TITLE STATEMENT
Title Charles Schwab :
Remainder of title how one company beat Wall Street and reinvented the brokerage industry /
Statement of responsibility, etc John Kador.
260 ## - PUBLICATION, DISTRIBUTION, ETC. (IMPRINT)
Place of publication, distribution, etc Hoboken, NJ :
Name of publisher, distributor, etc J. Wiley,
Date of publication, distribution, etc c2002.
300 ## - PHYSICAL DESCRIPTION
Pagination x, 324 p. ;
Dimensions 24 cm.
504 ## - BIBLIOGRAPHY, ETC. NOTE
Bibliography, etc Includes bibliographical references (p. 307-311) and index.
600 10 - SUBJECT ADDED ENTRY--PERSONAL NAME
Personal name Schwab, Charles.
610 20 - SUBJECT ADDED ENTRY--CORPORATE NAME
Corporate name or jurisdiction name as entry element Charles Schwab Corporation
650 #0 - SUBJECT ADDED ENTRY--TOPICAL TERM
Topical term or geographic name as entry element Stockbrokers
Geographic subdivision New York (State)
-- New York
General subdivision History.
856 42 - ELECTRONIC LOCATION AND ACCESS
Materials specified Contributor biographical information
Uniform Resource Identifier http://www.loc.gov/catdir/bios/wiley045/2002010446.html
856 42 - ELECTRONIC LOCATION AND ACCESS
Materials specified Publisher description
Uniform Resource Identifier http://www.loc.gov/catdir/description/wiley039/2002010446.html
856 41 - ELECTRONIC LOCATION AND ACCESS
Materials specified Table of contents
Uniform Resource Identifier http://www.loc.gov/catdir/toc/wiley031/2002010446.html
942 ## - ADDED ENTRY ELEMENTS (KOHA)
Source of classification or shelving scheme Dewey Decimal Classification
Koha item type Books
Holdings
Source of classification or shelving scheme Damaged status Not for loan Home library Current library Shelving location Date of accession Total Checkouts Full call number Barcode Date last seen Copy number Koha item type
Dewey Decimal Classification     JCC Rouf Library JCC Rouf Library General Stacks 10/25/2017   332.6/2 KAD 2002 3374 10/25/2017 C-1 Books

JCC Library | Contacts | JCC Home

Last Update on 23 September 2017
Copyright @ 2017-2020 JCC Rouf Library
Rouf Library, Jhenidah Cadet College (JCC), Bangladesh